000 00450nam a2200181Ia 4500
003 GCL
008 140319s9999 xx 000 0 eng d
040 _aGCL /
_cGCL
082 0 4 _a692.132
_bW M
100 1 _aWICKSON, M. K.
245 1 0 _aMETECOROLOGY FOR PILOTS /
_cWICKSON, M. K.
260 _a[S.N] :
_bAIRLIFE PUBLISHING ،
_c1992
300 _a303 P
650 0 4 _aMETEOROLOGY
650 0 4 _aATMOSPHERE
650 0 4 _aPILOTS
942 _2ddc
_cBK
999 _c10593
_d10593